An introduction to abstract harmonic analysis.

Guardado en:
Autor Principal: Loomis, Lynn H., 1915-
Formato: Libro
Idioma:English
Publicado: New York : Van Nostrand, 1953.
Materias:
Etiquetas: Agregar Etiqueta
Sin Etiquetas, Sea el primero en etiquetar este registro!
LEADER 00622cam a2200205ua 4500
001 MAT.inmabb005502
008 821101s1953####nyu###########000#0#eng##
005 20170822122937.0
245 0 3 |a An introduction to abstract harmonic analysis. 
260 |a New York :  |b Van Nostrand,  |c 1953. 
300 |a 190 p. ;  |c 24 cm. 
510 4 |a MR,  |c MR0054173 
100 1 |a Loomis, Lynn H.,  |d 1915- 
740 |a Abstract harmonic analysis. 
650 0 |a Harmonic analysis. [from old catalog] 
650 0 |a Algebra, Abstract. 
084 |a 46.3X  |2 MR 
010 |a  53005459  
040 |a DLC  |c CarP  |d DLC 
859 |h 46  |i L863  |p A-2175  |b BIB. MATEMATICA